[Event "Olympiad-43"]
[Site "Batumi"]
[Date "2018.09.25"]
[Round "2.4"]
[White "Diaz, Brian"]
[Black "Kaouri, Mahdi"]
[Result "0-1"]
[WhiteElo "1737"]
[BlackElo "2106"]
[PlyCount "70"]
[EventDate "2018.09.24"]
[EventType "team-swiss"]
[EventRounds "11"]
[EventCountry "GEO"]
[SourceTitle "CBM 187"]
[Source "ChessBase"]
[SourceDate "2018.12.11"]
[SourceVersion "1"]
[SourceVersionDate "2018.12.11"]
[SourceQuality "1"]
[WhiteTeam "Aruba"]
[BlackTeam "Lebanon"]
[WhiteTeamCountry "ARN"]
[BlackTeamCountry "LBN"]

1. d4 e6 2. c4 Nf6 3. Nf3 Bb4+ 4. Bd2 c5 5. a3 Bxd2+ 6. Qxd2 d6 7. Nc3 Nc6 8. dxc5 dxc5 9. Qxd8+ Kxd8 10. Rd1+ Ke7 11. e4 b6 12. Be2 Bb7 13. 0-0 Rad8 14. e5 Nd7 15. Nb5 Ba6 16. Nc7 Bc8 17. Nb5 a6 18. Nd6 Ndxe5 19. Nxe5 Nxe5 20. f4 Nf3+ 21. Bxf3 Rxd6 22. Rxd6 Kxd6 23. Rd1+ Kc7 24. b4 Rd8 25. Rxd8 Kxd8 26. Kf2 Kc7 27. Ke3 Kd6 28. h3 f6 29. g4 g5 30. fxg5 fxg5 31. Be4 h6 32. Bg6 Bb7 33. Be4 Bxe4 34. Kxe4 cxb4 35. axb4 a5 0-1

[Event "LIB-chT"]
[Site "Beirut"]
[Date "2017.09.08"]
[Round "3.1"]
[White "Kaouri, Mahdi"]
[Black "Papin, Vasily"]
[Result "0-1"]
[WhiteElo "2118"]
[BlackElo "2458"]
[PlyCount "133"]
[EventDate "2017.09.06"]
[EventType "team"]
[EventRounds "9"]
[EventCountry "LBN"]
[SourceTitle "CBM 180 Extra"]
[Source "ChessBase"]
[SourceDate "2017.10.06"]
[SourceVersion "1"]
[SourceVersionDate "2017.10.06"]
[SourceQuality "1"]
[WhiteTeam "Soviet Alumni"]
[BlackTeam "Animation"]
[WhiteTeamCountry "LBN"]
[BlackTeamCountry "LBN"]

1. c4 e6 2. Nc3 d5 3. d4 c6 4. e4 dxe4 5. Nxe4 Bb4+ 6. Bd2 Qxd4 7. Bxb4 Qxe4+ 8. Be2 Na6 9. Ba3 Ne7 10. Qd2 c5 11. 0-0-0 0-0 12. f3 Qc6 13. g4 e5 14. Qe3 Qc7 15. h4 Nc6 16. Bxc5 Nxc5 17. Qxc5 Be6 18. Nh3 b6 19. Qe3 Nd4 20. b3 b5 21. Ng5 bxc4 22. Nxe6 fxe6 23. Bxc4 Rxf3 24. Qe4 Rb8 25. Rxd4 Rc3+ 26. Kb2 exd4 27. Bxe6+ Kh8 28. Qxd4 Rc2+ 29. Kb1 Rd8 30. Qxd8+ Qxd8 31. Kxc2 Qf6 32. Bd5 Qg6+ 33. Kc3 Qxg4 34. a4 g6 35. b4 Kg7 36. a5 Kf6 37. Bc6 Ke5 38. b5 Qd4+ 39. Kb3 Qd3+ 40. Kb2 Qd2+ 41. Kb3 Qxa5 42. Rh2 Qe1 43. Rg2 Qb1+ 44. Rb2 Qd3+ 45. Ka4 Qd1+ 46. Kb4 Qd4+ 47. Kb3 Qxh4 48. Re2+ Kd6 49. Re4 Qf2 50. Kc4 Qc2+ 51. Kb4 Qc5+ 52. Kb3 a6 53. Rc4 Qe3+ 54. Rc3 Qe6+ 55. Kb4 axb5 56. Bxb5 Qe4+ 57. Bc4 Qe1 58. Kb3 Qb1+ 59. Ka4 h5 60. Bd3 Qa1+ 61. Kb3 g5 62. Kc2 Qa2+ 63. Kd1 Kd5 64. Bc2 Qa1+ 65. Kd2 Qa5 66. Kd3 g4 67. Bd1 0-1

[Event "LIB-ch 43rd"]
[Site "Beirut"]
[Date "2017.07.26"]
[Round "8"]
[White "Kaouri, Mahdi"]
[Black "Khairallah, Ralph"]
[Result "1-0"]
[WhiteElo "2074"]
[BlackElo "1762"]
[PlyCount "93"]
[EventDate "2017.07.18"]
[EventType "tourn"]
[EventRounds "11"]
[EventCountry "LBN"]
[SourceTitle "EXT 2018"]
[Source "ChessBase"]
[SourceDate "2017.10.13"]
[SourceVersion "1"]
[SourceVersionDate "2017.10.13"]
[SourceQuality "1"]

1. d4 d5 2. c4 e6 3. Nc3 Nf6 4. cxd5 exd5 5. Bg5 c6 6. Qc2 Be7 7. e3 Nbd7 8. Bd3 0-0 9. Nge2 Re8 10. f3 Nf8 11. Bh4 Nh5 12. Bf2 g6 13. g4 Ng7 14. h4 c5 15. Qd2 c4 16. Bc2 a6 17. h5 b5 18. Nf4 Bb7 19. hxg6 fxg6 20. Bg1 Bd6 21. Kf1 Qg5 22. Nce2 a5 23. Qe1 Bb4 24. Qg3 Bd2 25. Ng2 b4 26. Nef4 Ba6 27. Bf2 b3 28. axb3 c3+ 29. Kg1 cxb2 30. Rb1 Bc1 31. Qh3 Qd8 32. Nxg6 hxg6 33. Nf4 Qd6 34. Qh8+ Kf7 35. Rh7 Nxh7 36. Qxh7 Rg8 37. Bxg6+ Ke7 38. Bf5 Qc6 39. Ng6+ Kd8 40. Qxg8+ Ne8 41. Ne5 Qb5 42. Bh4+ Kc7 43. Qf7+ Kb8 44. Bd3 Bxe3+ 45. Kg2 Qxb3 46. Nc6+ Kc8 47. Bf5# 1-0

[Event "LIB-ch 43rd"]
[Site "Beirut"]
[Date "2017.07.21"]
[Round "4"]
[White "Kaouri, Mahdi"]
[Black "Khairallah, Faisal"]
[Result "1/2-1/2"]
[WhiteElo "2074"]
[BlackElo "2273"]
[PlyCount "42"]
[EventDate "2017.07.18"]
[EventType "tourn"]
[EventRounds "11"]
[EventCountry "LBN"]
[SourceTitle "EXT 2018"]
[Source "ChessBase"]
[SourceDate "2017.10.13"]
[SourceVersion "1"]
[SourceVersionDate "2017.10.13"]
[SourceQuality "1"]

1. c4 e5 2. Nc3 Nc6 3. g3 Bc5 4. Bg2 a6 5. e3 d6 6. Nge2 Ba7 7. 0-0 h5 8. d4 h4 9. b4 hxg3 10. fxg3 exd4 11. exd4 Nxb4 12. Qa4+ Nc6 13. Bxc6+ bxc6 14. Qxc6+ Bd7 15. Qe4+ Kf8 16. Bg5 Nf6 17. Qf3 Rb8 18. Rad1 Rb2 19. Bc1 Bg4 20. Qd3 Rb8 21. Bg5 Rb2 1/2-1/2

[Event "LIB-ch 43rd"]
[Site "Beirut"]
[Date "2017.07.19"]
[Round "2"]
[White "Kaouri, Mahdi"]
[Black "Kassis, Antoine"]
[Result "1/2-1/2"]
[WhiteElo "2074"]
[BlackElo "2137"]
[PlyCount "46"]
[EventDate "2017.07.18"]
[EventType "tourn"]
[EventRounds "11"]
[EventCountry "LBN"]
[SourceTitle "EXT 2018"]
[Source "ChessBase"]
[SourceDate "2017.10.13"]
[SourceVersion "1"]
[SourceVersionDate "2017.10.13"]
[SourceQuality "1"]

1. c4 e5 2. Nc3 Nf6 3. g3 Bb4 4. Bg2 Bxc3 5. bxc3 0-0 6. Nf3 d6 7. 0-0 Nc6 8. d3 h6 9. Rb1 Rb8 10. e4 Be6 11. Ne1 Qd7 12. f4 Bg4 13. Bf3 exf4 14. gxf4 Bxf3 15. Nxf3 Qh3 16. Rb2 Nh5 17. f5 Ne5 18. Rg2 Kh8 19. Be3 Ng4 20. Bd2 b5 21. Nd4 Ne5 22. cxb5 g5 23. a4 Rg8 1/2-1/2

[Event "LIB-ch 43rd"]
[Site "Beirut"]
[Date "2017.07.18"]
[Round "1"]
[White "Najjar, Ahmad"]
[Black "Kaouri, Mahdi"]
[Result "0-1"]
[WhiteElo "2304"]
[BlackElo "2074"]
[PlyCount "190"]
[EventDate "2017.07.18"]
[EventType "tourn"]
[EventRounds "11"]
[EventCountry "LBN"]
[SourceTitle "EXT 2018"]
[Source "ChessBase"]
[SourceDate "2017.10.13"]
[SourceVersion "1"]
[SourceVersionDate "2017.10.13"]
[SourceQuality "1"]

1. d4 Nf6 2. c4 e6 3. Nf3 Bb4+ 4. Bd2 c5 5. Bxb4 cxb4 6. e3 d6 7. Be2 0-0 8. 0-0 Re8 9. a3 bxa3 10. Rxa3 Nc6 11. Nc3 e5 12. dxe5 dxe5 13. Nb5 Bg4 14. Ng5 Qxd1 15. Bxd1 Bxd1 16. Rxd1 Rad8 17. Rad3 Rxd3 18. Rxd3 h6 19. Nh3 a6 20. Na3 Rc8 21. f3 Na5 22. Rc3 Nd7 23. b4 Nc6 24. Nc2 Nb6 25. Nf2 a5 26. b5 Nb4 27. Na3 Na4 28. Rc1 f5 29. g4 g6 30. gxf5 gxf5 31. e4 fxe4 32. Nxe4 b6 33. Rd1 Rc7 34. Rd8+ Kg7 35. Nd6 Kh7 36. Kf2 Nd3+ 37. Ke3 Ndc5 38. Ne4 Nb2 39. Nf6+ Kg6 40. Nd5 Rd7 41. Rxd7 Nxd7 42. Ke4 Na4 43. Ne3 Nc3+ 44. Kd3 Na4 45. Nd5 Kf5 46. Ke3 Nf6 47. Ne7+ Ke6 48. Nc6 Ne8 49. Nd8+ Ke7 50. Nc6+ Ke6 51. f4 exf4+ 52. Kxf4 Nc5 53. Nd4+ Kf6 54. Ndc2 Nd6 55. Ne3 Nd3+ 56. Kg4 Kg6 57. Kf3 Kg5 58. Ke2 Ne5 59. Kf1 h5 60. Kg2 h4 61. h3 Kf4 62. Nd5+ Ke4 63. Nxb6 Kd4 64. Na4 Nexc4 65. Nc2+ Kd5 66. Kf3 Ne5+ 67. Kf4 Nd3+ 68. Ke3 Ne5 69. Na3 Nec4+ 70. Nxc4 Kxc4 71. b6 Kb5 72. Nb2 Kxb6 73. Kf4 Kb5 74. Kg4 Nc4 75. Nd3 a4 76. Kxh4 a3 77. Nc1 Kb4 78. Kg5 Kc3 79. h4 Ne5 80. Kf5 Kb2 81. Ne2 a2 82. Kxe5 a1Q 83. Ng3 Qa4 84. Ne4 Kc2 85. Kf5 Qa5+ 86. Kf4 Kd3 87. Ng3 Qc7+ 88. Kg4 Qd7+ 89. Kg5 Ke3 90. Nh5 Qh3 91. Nf6 Qg3+ 92. Kh5 Kf4 93. Nd5+ Kf5 94. Ne3+ Ke4 95. Ng4 Qf3 0-1

[Event "Baghdad op 5th"]
[Site "Baghdad"]
[Date "2017.03.20"]
[Round "8"]
[White "Ahmed, Qutayba Yunis"]
[Black "Kaouri, Mahdi"]
[Result "0-1"]
[WhiteElo "1962"]
[BlackElo "2097"]
[PlyCount "60"]
[EventDate "2017.03.16"]
[EventType "swiss"]
[EventRounds "9"]
[EventCountry "IRQ"]
[SourceTitle "CBM 177 Extra"]
[Source "ChessBase"]
[SourceDate "2017.04.27"]
[SourceVersion "1"]
[SourceVersionDate "2017.04.27"]
[SourceQuality "1"]

1. e4 e6 2. d4 d5 3. exd5 exd5 4. Nc3 Nf6 5. Nf3 Bd6 6. Bd3 0-0 7. 0-0 Bg4 8. Bg5 c6 9. h3 Bh5 10. g4 Bg6 11. Ne5 Qb6 12. Be3 Qxb2 13. Ne2 Bxd3 14. Qxd3 Qa3 15. c3 Nbd7 16. Qf5 g6 17. Qg5 Ne4 18. Qh4 Nxe5 19. dxe5 Bxe5 20. Bh6 Bg7 21. f4 Qc5+ 22. Kh1 Bxh6 23. Qxh6 Qe3 24. Rae1 Nf2+ 25. Kh2 Nd3 26. Ng3 Nxe1 27. Nf5 Qd2+ 28. Kg3 Qxc3+ 29. Kh2 Rfe8 30. Rxe1 Rxe1 0-1

[Event "Soviet Alumni op"]
[Site "Soviet Alumni"]
[Date "2016.12.27"]
[Round "4"]
[White "Kaouri, Mahdi"]
[Black "Khalil, Adnan"]
[Result "0-1"]
[WhiteElo "2113"]
[BlackElo "1958"]
[PlyCount "140"]
[EventDate "2016.12.22"]
[EventType "swiss"]
[EventRounds "7"]
[EventCountry "LBN"]
[SourceTitle "CBM 176 Extra"]
[Source "ChessBase"]
[SourceDate "2017.03.02"]
[SourceVersion "1"]
[SourceVersionDate "2017.03.02"]
[SourceQuality "1"]

1. e4 c6 2. d4 d5 3. Nc3 dxe4 4. Nxe4 Nd7 5. Nf3 Ngf6 6. Nxf6+ Nxf6 7. Bc4 Bf5 8. c3 e6 9. Bf4 Be7 10. h3 h6 11. 0-0 0-0 12. a4 Nd5 13. Be5 Qd7 14. Qd2 Rac8 15. Rfe1 Rfd8 16. b4 b6 17. Bg3 a5 18. Ne5 Qa7 19. b5 cxb5 20. axb5 Qb7 21. Nc6 Rxc6 22. Bxd5 Rxd5 23. bxc6 Qxc6 24. Re5 Rd8 25. Qb2 Rc8 26. Rb5 Bd8 27. Rb3 Bd3 28. Qd2 Bc4 29. Rba3 Be7 30. Ra4 Bb3 31. d5 Bxd5 32. Rg4 h5 33. Rg5 Bxg5 34. Qxg5 f6 35. Qxh5 Bxg2 36. Kh2 Bf3 37. Qh4 Qxc3 38. Rg1 Qc4 39. Bf4 e5 40. Rc1 Qe6 41. Rxc8+ Qxc8 42. Be3 b5 43. Qg3 Qf5 44. Bh6 g5 45. h4 g4 46. Bd2 Qc2 47. Bxa5 Qa4 48. Bb6 b4 49. Qg1 Qd1 50. Bc5 Qxg1+ 51. Kxg1 b3 52. Ba3 Kf7 53. Kf1 Kg6 54. Ke1 Kh5 55. Kd2 Kxh4 56. Bb2 g3 57. fxg3+ Kxg3 58. Ke3 Bd5 59. Bc3 Kg4 60. Bb2 Kf5 61. Bc3 Ke6 62. Bb2 f5 63. Kf2 f4 64. Ke2 Kf5 65. Kf2 e4 66. Bd4 e3+ 67. Ke2 Ke4 68. Bb2 f3+ 69. Kf1 f2 70. Bc1 Bc4+ 0-1

[Event "Soviet Alumni op"]
[Site "Soviet Alumni"]
[Date "2016.12.22"]
[Round "1"]
[White "Kabalan, Mohamad"]
[Black "Kaouri, Mahdi"]
[Result "0-1"]
[WhiteElo "1422"]
[BlackElo "2113"]
[PlyCount "52"]
[EventDate "2016.12.22"]
[EventType "swiss"]
[EventRounds "7"]
[EventCountry "LBN"]
[SourceTitle "CBM 176 Extra"]
[Source "ChessBase"]
[SourceDate "2017.03.02"]
[SourceVersion "1"]
[SourceVersionDate "2017.03.02"]
[SourceQuality "1"]

1. Nf3 g6 2. g3 Bg7 3. Bg2 Nf6 4. d3 0-0 5. Nbd2 c5 6. e4 Nc6 7. 0-0 d6 8. h3 Qc7 9. c3 Rb8 10. a3 b5 11. b4 Nd7 12. Bb2 cxb4 13. axb4 Nxb4 14. cxb4 Bxb2 15. Ra2 Bg7 16. Nb3 Bb7 17. Rc2 Qb6 18. Na5 Ne5 19. Nxb7 Rxb7 20. Nxe5 Bxe5 21. Kh2 Rc7 22. d4 Bxd4 23. Rxc7 Qxc7 24. Qb3 Qc3 25. Qxc3 Bxc3 26. Ra1 Bxa1 0-1

[Event "LIB-ch 42nd"]
[Site "Beirut"]
[Date "2016.12.04"]
[Round "10"]
[White "Jouni, Hassan"]
[Black "Kaouri, Mahdi"]
[Result "0-1"]
[WhiteElo "1792"]
[BlackElo "2113"]
[PlyCount "74"]
[EventDate "2016.11.23"]
[EventType "tourn"]
[EventRounds "11"]
[EventCountry "LBN"]
[SourceTitle "CBM 175 Extra"]
[Source "ChessBase"]
[SourceDate "2016.12.12"]
[SourceVersion "1"]
[SourceVersionDate "2016.12.12"]
[SourceQuality "1"]

1. c4 e5 2. Nc3 Nc6 3. g3 f5 4. Bg2 Nf6 5. e3 g6 6. Nge2 Bg7 7. d3 0-0 8. 0-0 d6 9. f4 Kh8 10. a3 a5 11. Rb1 Re8 12. e4 fxe4 13. dxe4 Bg4 14. h3 Bxe2 15. Qxe2 Nh5 16. Qd3 exf4 17. Bxf4 Ne5 18. Qe2 Rf8 19. Kh2 c6 20. Rbd1 Qe7 21. Na4 Rad8 22. b3 Rf7 23. Qe3 Rdf8 24. Bg5 Qe6 25. Rxf7 Nxf7 26. Bf4 g5 27. Bxg5 Nxg5 28. Qxg5 Nxg3 29. Qe3 Be5 30. Kg1 c5 31. Nb6 Qe7 32. Nd5 Qg7 33. Qd3 h5 34. Ne3 Bd4 35. Re1 Qg5 36. Kh2 Qf4 37. Nf5 Nf1+ 0-1

[Event "LIB-ch 42nd"]
[Site "Beirut"]
[Date "2016.12.02"]
[Round "8"]
[White "Kaouri, Mahdi"]
[Black "Najjar, Ahmad"]
[Result "0-1"]
[WhiteElo "2113"]
[BlackElo "2312"]
[PlyCount "75"]
[EventDate "2016.11.23"]
[EventType "tourn"]
[EventRounds "11"]
[EventCountry "LBN"]
[SourceTitle "CBM 175 Extra"]
[Source "ChessBase"]
[SourceDate "2016.12.12"]
[SourceVersion "1"]
[SourceVersionDate "2016.12.12"]
[SourceQuality "1"]

1. e4 c5 2. Nc3 g6 3. Bc4 Bg7 4. f4 Nc6 5. Nf3 e6 6. 0-0 Nge7 7. d3 0-0 8. Kh1 a6 9. a4 d5 10. Ba2 b5 11. Bb1 b4 12. Ne2 a5 13. Qe1 dxe4 14. dxe4 Ba6 15. Rf2 Ra7 16. c3 Rd7 17. Bc2 bxc3 18. bxc3 Nb4 19. cxb4 Bxa1 20. b5 Bb7 21. Bd2 Bg7 22. Bxa5 Qa8 23. Ng3 Qb8 24. f5 exf5 25. exf5 Nd5 26. fxg6 hxg6 27. Ng5 Nf4 28. N3e4 Bxe4 29. Qxe4 Rd4 30. Qe7 Nd5 31. Qe1 Re8 32. Qf1 Ne3 33. Qb1 Ng4 34. Qg1 Nxf2+ 35. Qxf2 Qf4 36. Qxf4 Rxf4 37. h3 Rf1+ 38. Kh2 0-1

[Event "LIB-ch 42nd"]
[Site "Beirut"]
[Date "2016.11.28"]
[Round "5"]
[White "El Jawich, Amro"]
[Black "Kaouri, Mahdi"]
[Result "1/2-1/2"]
[WhiteElo "2243"]
[BlackElo "2113"]
[PlyCount "35"]
[EventDate "2016.11.23"]
[EventType "tourn"]
[EventRounds "11"]
[EventCountry "LBN"]
[SourceTitle "CBM 175 Extra"]
[Source "ChessBase"]
[SourceDate "2016.12.12"]
[SourceVersion "1"]
[SourceVersionDate "2016.12.12"]
[SourceQuality "1"]

1. e4 e6 2. d4 d5 3. Nc3 Bb4 4. e5 c5 5. a3 Ba5 6. b4 cxd4 7. Qg4 Ne7 8. bxa5 dxc3 9. Qxg7 Rg8 10. Qxh7 Nbc6 11. Nf3 Qxa5 12. Ng5 Rf8 13. Qh5 Bd7 14. Nh7 0-0-0 15. Nxf8 Rxf8 16. Bd3 d4 17. Bf4 f5 18. 0-0 1/2-1/2

[Event "Beirut op 8th"]
[Site "Beirut"]
[Date "2015.09.27"]
[Round "9"]
[White "Kaouri, Mahdi"]
[Black "Farhat, Mohamed"]
[Result "1/2-1/2"]
[WhiteElo "2100"]
[BlackElo "1867"]
[PlyCount "78"]
[EventDate "2015.09.19"]
[EventType "swiss"]
[EventRounds "9"]
[EventCountry "LBN"]
[SourceTitle "EXT 2016"]
[Source "ChessBase"]
[SourceDate "2015.10.08"]
[SourceVersion "1"]
[SourceVersionDate "2015.10.08"]
[SourceQuality "1"]

1. c4 e5 2. Nc3 Nf6 3. e3 Nc6 4. Nf3 d5 5. cxd5 Nxd5 6. Bb5 Bg4 7. Qa4 Bxf3 8. Bxc6+ bxc6 9. Qxc6+ Ke7 10. gxf3 Nxc3 11. bxc3 f6 12. Ba3+ Kf7 13. Qc4+ Ke8 14. Qe6+ Be7 15. Rg1 g6 16. Rb1 Qd7 17. Qxd7+ Kxd7 18. Bxe7 Kxe7 19. Rg4 Rab8 20. Rgb4 Rb6 21. Ke2 Rhb8 22. a3 Kd6 23. d4 exd4 24. exd4 c5 25. Rxb6+ axb6 26. Kd3 cxd4 27. cxd4 Kd5 28. a4 Ra8 29. Rb4 Ra6 30. f4 f5 31. f3 Ra5 32. Rb5+ Rxb5 33. axb5 h6 34. h4 Ke6 35. Kc4 Kd6 36. d5 Ke7 37. Kd3 Kd7 38. Kc3 Ke7 39. Kc4 Kd7 1/2-1/2

[Event "Beirut op 8th"]
[Site "Beirut"]
[Date "2015.09.22"]
[Round "4"]
[White "Raetsky, Alexander"]
[Black "Kaouri, Mahdi"]
[Result "1-0"]
[WhiteElo "2403"]
[BlackElo "2100"]
[PlyCount "41"]
[EventDate "2015.09.19"]
[EventType "swiss"]
[EventRounds "9"]
[EventCountry "LBN"]
[SourceTitle "EXT 2016"]
[Source "ChessBase"]
[SourceDate "2015.10.08"]
[SourceVersion "1"]
[SourceVersionDate "2015.10.08"]
[SourceQuality "1"]

1. e4 e6 2. d4 d5 3. Nc3 Bb4 4. e5 c5 5. Qg4 Ne7 6. dxc5 d4 7. a3 Ba5 8. b4 Bc7 9. Nb5 Bxe5 10. Nf3 f5 11. Qh5+ g6 12. Qh4 Bg7 13. Nd6+ Kd7 14. Bh6 Qf8 15. Ne5+ Kc7 16. Nb5+ Kd8 17. Qxd4+ Bd7 18. Bxg7 Qxg7 19. Nc6+ bxc6 20. Qxg7 Rg8 21. Qd4 1-0

[Event "Beirut op 8th"]
[Site "Beirut"]
[Date "2015.09.21"]
[Round "3"]
[White "Kaouri, Mahdi"]
[Black "Ibrahim, Hatim"]
[Result "1-0"]
[WhiteElo "2100"]
[BlackElo "2316"]
[PlyCount "111"]
[EventDate "2015.09.19"]
[EventType "swiss"]
[EventRounds "9"]
[EventCountry "LBN"]
[SourceTitle "EXT 2016"]
[Source "ChessBase"]
[SourceDate "2015.10.08"]
[SourceVersion "1"]
[SourceVersionDate "2015.10.08"]
[SourceQuality "1"]

1. c4 c5 2. Nc3 g6 3. g3 Bg7 4. Bg2 Nc6 5. e3 Bxc3 6. dxc3 d6 7. Ne2 Qd7 8. e4 b6 9. Nf4 Bb7 10. b3 0-0-0 11. Bd2 Ne5 12. Qc2 f5 13. h4 Nf6 14. f3 e6 15. 0-0-0 h6 16. Be3 Qe7 17. Rhe1 g5 18. hxg5 hxg5 19. Nd3 Nxd3+ 20. Qxd3 fxe4 21. fxe4 Ng4 22. Qd2 Nxe3 23. Rxe3 Qg7 24. Re2 Qe5 25. Qe3 Rh2 26. Rdd2 Rf8 27. Rf2 Rhh8 28. Rf3 Rxf3 29. Qxf3 g4 30. Qxg4 Qxc3+ 31. Kd1 Qa1+ 32. Ke2 Qe5 33. Qf4 Rg8 34. Kf2 Qxf4+ 35. gxf4 Kd7 36. Bf3 Ke7 37. Rd3 Ba6 38. Rd2 b5 39. e5 dxe5 40. cxb5 Bxb5 41. fxe5 Rf8 42. Kg3 Rf5 43. a4 Be8 44. Re2 Rxf3+ 45. Kxf3 Bh5+ 46. Ke3 Bxe2 47. Kxe2 Kf7 48. Kd3 Kg6 49. Kc4 Kf5 50. Kxc5 Kxe5 51. b4 Kf5 52. b5 e5 53. a5 e4 54. Kd4 Kf4 55. b6 e3 56. b7 1-0

[Event "LIB-ch"]
[Site "Beirut"]
[Date "2014.03.08"]
[Round "6"]
[White "Kaouri, Mahdi"]
[Black "Sharbel, Marwan"]
[Result "1/2-1/2"]
[WhiteElo "2096"]
[BlackElo "1978"]
[PlyCount "127"]
[EventDate "2014.03.03"]
[EventType "swiss"]
[EventRounds "7"]
[EventCountry "LBN"]
[SourceTitle "EXT 2016"]
[Source "ChessBase"]
[SourceDate "2015.10.08"]
[SourceVersion "1"]
[SourceVersionDate "2015.10.08"]
[SourceQuality "1"]

1. c4 c5 2. Nc3 g6 3. g3 Bg7 4. Bg2 Nc6 5. e3 Nf6 6. Nge2 0-0 7. 0-0 d6 8. d3 Bd7 9. Rb1 Rb8 10. a3 a6 11. b4 cxb4 12. axb4 b5 13. cxb5 axb5 14. Nf4 Ne5 15. h3 Qc8 16. Ncd5 Re8 17. Kh2 Nxd5 18. Nxd5 Bc6 19. Bb2 Qb7 20. Qb3 e6 21. Nf4 Bxg2 22. Bxe5 Bxf1 23. Bxg7 Kxg7 24. Rxf1 Rbc8 25. Qd1 e5 26. Ng2 Rc3 27. Nh4 Qd5 28. Qg4 Qe6 29. Qe2 Rec8 30. e4 Ra3 31. Qe3 d5 32. exd5 Qxd5 33. Qg5 Qe6 34. Re1 f6 35. Qe3 Rcc3 36. Ng2 Qd6 37. Qe4 Rxd3 38. Rc1 Ra7 39. Ne3 Rd4 40. Qf3 Rc7 41. Ra1 h5 42. h4 Rxb4 43. Nd5 Qc6 44. Ra6 Qxa6 45. Nxc7 Qc8 46. Qc6 Rc4 47. Ne8+ Kf8 48. Qxb5 Qc6 49. Nd6 Qxb5 50. Nxb5 Rc2 51. Kg2 e4 52. Kf1 Ke7 53. Nd4 Ra2 54. Nb5 Rc2 55. Nd4 Rb2 56. Ne2 Kd6 57. Nf4 Ke5 58. Nxg6+ Kf5 59. Nf4 Kg4 60. Ne2 Rb1+ 61. Kg2 Rb2 62. Kf1 Rd2 63. Ke1 Rb2 64. Kf1 1/2-1/2

[Event "LIB-ch"]
[Site "Beirut"]
[Date "2014.03.06"]
[Round "4"]
[White "Kaouri, Mahdi"]
[Black "Abdulaziz, Mahmoud"]
[Result "0-1"]
[WhiteElo "2096"]
[BlackElo "2087"]
[PlyCount "64"]
[EventDate "2014.03.03"]
[EventType "swiss"]
[EventRounds "7"]
[EventCountry "LBN"]
[SourceTitle "EXT 2016"]
[Source "ChessBase"]
[SourceDate "2015.10.08"]
[SourceVersion "1"]
[SourceVersionDate "2015.10.08"]
[SourceQuality "1"]

1. c4 Nf6 2. Nc3 g6 3. g3 Bg7 4. Bg2 0-0 5. e3 e5 6. Nge2 d6 7. 0-0 c6 8. Rb1 Be6 9. d3 d5 10. cxd5 Nxd5 11. d4 exd4 12. exd4 Na6 13. Be3 Qd7 14. Nxd5 Bxd5 15. Bxd5 Qxd5 16. Nc3 Qc4 17. Qf3 Rad8 18. Ne4 Qxa2 19. Bg5 f6 20. Bd2 Qd5 21. Qf4 f5 22. Ng5 h6 23. Nf3 g5 24. Qe3 f4 25. Qa3 Nc7 26. Rbd1 Nb5 27. Qd3 fxg3 28. fxg3 Nxd4 29. Nxd4 Bxd4+ 30. Be3 Rxf1+ 31. Rxf1 Bxe3+ 32. Qxe3 Qd4 0-1